MARC

LEADER 00000nam0a2200000 4500
001 366431
005 20231120161451.0
035 |a (RuTPU)RU\TPU\retro\23794 
090 |a 366431 
100 |a 20220208d1979 km y0rusy50 ca 
101 0 |a rus 
102 |a RU 
105 |a a z 001zy 
200 1 |a Принципы слежение за ростом кристаллов  |f Я. М. Нюссик  |g Академия наук СССР, Коми филиал, Институт геологии 
210 |a Ленинград  |c Наука  |d 1979 
215 |a 54 с.  |c ил. 
320 |a Библиогр.: с. 47-52 
606 1 |a Кристаллы  |x Рост  |2 stltpush  |3 (RuTPU)RU\TPU\subj\16370  |9 42452 
610 1 |a монокристаллы 
610 1 |a информационно-динамические сигналы 
610 1 |a возникновение 
610 1 |a слежение 
610 1 |a методы 
610 1 |a автоматическая саморегуляция 
675 |a 548.52  |v 4 
700 1 |a Нюссик  |b Я. М.  |g Ян Мяртович 
712 0 2 |a Академия наук СССР  |b Коми филиал  |b Институт геологии  |c (Сыктывкар)  |c (1958-1987)  |2 stltpush  |3 (RuTPU)RU\TPU\col\11375  |9 25073 
801 1 |a RU  |b 63413507  |c 20220208 
942 |c BK